| 000 | 00352nam a22001457a 4500 | ||
|---|---|---|---|
| 999 |
_c524214 _d524214 |
||
| 020 | _a9787807691372 | ||
| 040 | _cNUST | ||
| 082 |
_a306.0951 _bSHA |
||
| 100 |
_aShanqin Zhan _915029 |
||
| 245 | _aRoad to well-off society Cultural progress | ||
| 260 |
_aChina _bBeijing time _c2013 |
||
| 300 | _aill,231,P,: | ||
| 500 | _aP.B | ||
| 942 |
_2ddc _cBK |
||